000 00646nam a2200181Ia 4500
008 100920s9999 xx 000 0 und d
082 _b36690
_a--- थ 70
100 _aपुनर्वसु अनिरुध्द.
245 _aमी हरिणी मीच व्याध.
260 _bआराधना प्रकाशन, मुंबई 51.
_c1970
300 _a116
_bसाधी
365 _b7.5
520 _aकादंबरी.
630 _aमी हरिणी मीच व्याध.
650 _aकादंबरी.
730 _aमी हरिणी मीच व्याध.
942 _cBOOK
999 _c689632
_d689629